Hairstyles Ancient To Present
Guardat en:
| Autor principal: | |
|---|---|
| Format: | Llibre |
| Publicat: |
Carlton Publishing
|
| Etiquetes: |
Afegir etiqueta
Sense etiquetes, Sigues el primer a etiquetar aquest registre!
|
| LEADER | 00747cam a22001937a 4500 | ||
|---|---|---|---|
| 001 | (Sirsi) i9781847960405 | ||
| 005 | 20190330171648.0 | ||
| 008 | 190219n xx ||||||||||||||||| |d | ||
| 020 | |a 9781847960405 | ||
| 040 | |a SMLIBRARY |b eng |c SMLIBRARY |e AACR2 | ||
| 100 | |a Fiell, Charlotte | ||
| 245 | 1 | |a Hairstyles Ancient To Present | |
| 260 | |b Carlton Publishing | ||
| 901 | |a 391.509 FIE |i BK10006953B |m SMLIBRARY |l ADULT |t BOOK |p 191.25 |x ADULT |z ANFIC |e 01/v-/18-N | ||
| 903 | |a SMLNEWITEM | ||
| 904 | |a 1 | ||
| 942 | |2 ddc |c BOOK | ||
| 952 | |0 0 |1 0 |2 ddc |4 0 |6 391_509000000000000_FIE |7 0 |8 ADULT | ANFIC |9 44708 |a SMLIBRARY |b SMLIBRARY |c ADULT |d 2013-11-12 |g 191.25 |l 0 |o 391.509 FIE |p BK10006953B |r 2019-03-30 00:00:00 |t 1 |v 191.25 |w 2019-06-25 |y ADULTBOOK | ||
| 999 | |c 38569 |d 38569 | ||